5HLuxD.jpg

KING HENRY VIII SENIOR AND PRIMARY SCHOOL LIBRARY OPAC

Seven elements that have changed the world / (Record no. 234)

000 -LEADER
fixed length control field 01909cam a2200397 i 4500
001 - CONTROL NUMBER
control field 6607233
003 - CONTROL NUMBER IDENTIFIER
control field OSt
005 - DATE AND TIME OF LATEST TRANSACTION
control field 20190802094753.0
008 - FIXED-LENGTH DATA ELEMENTS--GENERAL INFORMATION
fixed length control field 131015t20142013enkabf e b 001 0 eng
020 ## - INTERNATIONAL STANDARD BOOK NUMBER
International Standard Book Number 9781780224367
020 ## - INTERNATIONAL STANDARD BOOK NUMBER
International Standard Book Number 1780224362
024 8# - OTHER STANDARD IDENTIFIER
Standard number or code 60001955260
035 ## - SYSTEM CONTROL NUMBER
System control number (OCoLC)887685861
040 ## - CATALOGING SOURCE
Original cataloging agency AU@
Language of cataloging eng
Description conventions rda
Transcribing agency AU@
Modifying agency OCLCO
-- NhCcYBP
082 04 - DEWEY DECIMAL CLASSIFICATION NUMBER
Classification number 546 BRO
Edition number 23
100 1# - MAIN ENTRY--PERSONAL NAME
Personal name Browne, John,
Dates associated with a name 1948-
Relator term author.
245 10 - TITLE STATEMENT
Title Seven elements that have changed the world /
Statement of responsibility, etc. John Browne.
250 ## - EDITION STATEMENT
Edition statement Paperback edition.
264 #1 - PRODUCTION, PUBLICATION, DISTRIBUTION, MANUFACTURE, AND COPYRIGHT NOTICE
Place of production, publication, distribution, manufacture London :
Name of producer, publisher, distributor, manufacturer Phoenix,
Date of production, publication, distribution, manufacture, or copyright notice 2014.
264 #4 - PRODUCTION, PUBLICATION, DISTRIBUTION, MANUFACTURE, AND COPYRIGHT NOTICE
Date of production, publication, distribution, manufacture, or copyright notice �2013.
300 ## - PHYSICAL DESCRIPTION
Extent xix, 314 pages, 16 unnumbered pages of plates :
Other physical details illustrations (chiefly colour), maps ;
Dimensions 20 cm
336 ## - CONTENT TYPE
Content type term text
Content type code txt
Source rdacontent
336 ## - CONTENT TYPE
Content type term still image
Content type code sti
Source rdacontent
336 ## - CONTENT TYPE
Content type term cartographic image
Content type code cri
Source rdacontent
337 ## - MEDIA TYPE
Media type term unmediated
Media type code n
Source rdamedia
338 ## - CARRIER TYPE
Carrier type term volume
Carrier type code nc
Source rdacarrier
500 ## - GENERAL NOTE
General note Originally published: London : Weidenfeld & Nicolson, 2013.
504 ## - BIBLIOGRAPHY, ETC. NOTE
Bibliography, etc. note Includes bibliographical references and index.
520 ## - SUMMARY, ETC.
Summary, etc. Humans have put the Earth's resources to extraordinary use, but not always for the benefit of humankind. This book vividly describes how iron, carbon, gold, silver, uranium, titanium and silicon have shaped the world around us - for good and for bad. It takes you on an adventure of human passion, ingenuity and discovery, but it is a journey that is far from over: we continue to find surprising new uses for each of these seven key elements. Discover how titanium pervades modern consumer society, how natural gas is transforming the global energy sector and how an innovative new form of carbon could be starting a technological revolution.
650 #0 - SUBJECT ADDED ENTRY--TOPICAL TERM
Topical term or geographic name entry element Chemical elements
Form subdivision Popular works.
650 #0 - SUBJECT ADDED ENTRY--TOPICAL TERM
Topical term or geographic name entry element Technology
General subdivision Social aspects.
982 ## - EQUIVALENCE OR CROSS-REFERENCE-SERIES STATEMENT--CONFERENCE OR MEETING NAME/TITLE [LOCAL, CANADA]
Meeting name or jurisdiction name as entry element 20141014
942 ## - ADDED ENTRY ELEMENTS (KOHA)
Source of classification or shelving scheme
Koha item type Books - Non Ficton
980 ## - EQUIVALENCE OR CROSS-REFERENCE-SERIES STATEMENT--PERSONAL NAME/TITLE [LOCAL, CANADA]
Numeration 8.99
Miscellaneous information 1
981 ## - EQUIVALENCE OR CROSS-REFERENCE-SERIES STATEMENT--CORPORATE NAME/TITLE [LOCAL, CANADA]
Subordinate unit BO92
Location of meeting RUNY
Holdings
Withdrawn status Lost status Source of classification or shelving scheme Damaged status Not for loan Collection code Permanent Location Current Location Shelving location Date acquired Full call number Barcode Date last seen Price effective from Koha item type
          Non-Fiction KH8 Senior School Library KH8 Senior School Library Non Fiction 2019-08-02 546 BRO 3KHSL000100279 2019-08-02 2019-08-02 Books - Non Ficton

Powered By KH8 IT Dept